00890nas a2200229Ia 4500001001100000003000900011008004100020040001300061040001300074041001200087100004900099210001700148222001700165245013900182250001100321260004600332501008600378300001800464362004600482500009600528650003600624R020/B2863IT-RoPAU151124c99999999xx |||||||||||| ||und|| aIT-RoPAU cIT-RoPAU aINGLESE aCherchi Usai PaologCodice Aut. SPICS: 7030 aGRIFFITHIANA aGriffithiana aGRIFFITHIANA, ANNO 15-N.44/45 (MAGGIO/SETTEMBRE 1992)bSociete' Francaise Des Films Et Cinematographes Eclair (1907-1919): A Checklist a1a ed. aGEMONA (UDINE)bCINETECA DEL FRIULIc1992 bPaulus - SPICS - Società San Paolo EM (non-commercial uses only)cCopyright2015 a61 p. [28-88] aANNO 015, N.44/45 (MAGGIO/SETTEMBRE 1992) aI Film della Societe' Francaise Des Films Et Cinematographes Eclair (1907-1919) Filmografia aCINEMAvPUBBLICAZIONE PERIODICA